000 00545nam a2200205 4500
003 IIN
005 20250408153433.0
008 250408b ||| d||| |||| 000 0 eng d
020 _a9788131263754
_c575.00
040 _aIIN
082 _a428.0077
_bLOH
100 _aLohumi, Shama
245 _aCommunicative English for Nurses
_cShama Lohumi and Rakesh Lohumi
250 _a3rd ed.
260 _aNew Delhi
_bElsevier
_c2022
300 _axviii, 296 p.
650 _aCommunicative English
_xNursing
700 _aLohumi, Rakesh
942 _cBOOK
999 _c1738
_d1738